Fundamental Financial Accounting Concepts (Record no. 3638)

MARC details
005 - DATE AND TIME OF LATEST TRANSACTION
control field 20250613103745.0
020 ## - INTERNATIONAL STANDARD BOOK NUMBER
International Standard Book Number 978-07-352678-2
082 ## - DEWEY DECIMAL CLASSIFICATION NUMBER
Classification number 657 EDM
100 ## - MAIN ENTRY--PERSONAL NAME
Author name EDMONDS, P. T.
245 ## - TITLE STATEMENT
Title Fundamental Financial Accounting Concepts
250 ## - EDITION STATEMENT
Edition statement 6th Ed.
260 ## - PUBLICATION, DISTRIBUTION, ETC.
Place of publication, distribution, etc. Boston,
Name of publisher, distributor, etc. McGraw-Hill Irwin,
Date of publication, distribution, etc. 2008.
300 ## - PHYSICAL DESCRIPTION
Extent xxvii,761p.
Other physical details Index
Dimensions 28 cm
700 ## - ADDED ENTRY--PERSONAL NAME
Other authors/Editors Cindy D. Edmonds, ,
700 ## - ADDED ENTRY--PERSONAL NAME
Other authors/Editors Frances M. McNair
700 ## - ADDED ENTRY--PERSONAL NAME
Other authors/Editors ard E. Milam
700 ## - ADDED ENTRY--PERSONAL NAME
Other authors/Editors Edw $ Philip R. Olds
942 ## - ADDED ENTRY ELEMENTS (KOHA)
Source of classification or shelving scheme Dewey Decimal Classification
Koha item type Books
Holdings
Date last seen Total checkouts Full call number Barcode Cost, replacement price Price effective from Koha item type Lost status Source of classification or shelving scheme Damaged status Not for loan Withdrawn status Home library Current library Shelving location Date acquired Source of acquisition Cost, normal purchase price
06/10/2025   657 EDM MZA000701 150000.00 06/10/2025 Books   Dewey Decimal Classification       CBE Mwanza CBE Mwanza General Collection 07/01/2007 Library Budget 50000.00
06/10/2025   657 EDM MZA000702 150000.00 06/10/2025 Books   Dewey Decimal Classification       CBE Mwanza CBE Mwanza General Collection 07/01/2007 Library Budget 50000.00
06/10/2025   657 EDM MZA000703 150000.00 06/10/2025 Books   Dewey Decimal Classification       CBE Mwanza CBE Mwanza General Collection 07/01/2007 Library Budget 50000.00
06/10/2025   657 EDM MZA000704 150000.00 06/10/2025 Books   Dewey Decimal Classification       CBE Mwanza CBE Mwanza General Collection 07/01/2007 Library Budget 50000.00
06/10/2025   657 EDM MZA000705 150000.00 06/10/2025 Books   Dewey Decimal Classification       CBE Mwanza CBE Mwanza General Collection 07/01/2007 Library Budget 50000.00